000 00584nam a22001817a 4500
003 OSt
005 20251204072916.0
008 251204b |||||||| |||| 00| 0 eng d
020 _a09534-40775-7.
040 _aDWCL-Main lib
_cOC
082 _22nd ed.
_aCirc. 658 W783p 2001
100 _aWinstin, Wayne L.
245 _aPractical Management Science
_cWinston, Wayne L.
260 _aPacific Grove, Calif. :
_bDuxburry/Thomson Learning,
_cc2001.
300 _aXVIII, 953 pages :
_billustration ;
_c25 cm.
600 _2Albright, S. Christian
942 _2ddc
_cBK-CIRC
_e2nd ed.
_kCirc.
_n0
999 _c6863
_d6863